000 01542nam0a22003131 4500
001 v19\rc\1819574
005 20260407114649.0
035 _a(NLR Aleph) 004917786
090 _a5545508
_c5545508
100 _a20071224e19071907|||y0rusy50 ca
101 0 _arus
102 _aRU
105 _ay z |||||
200 1 _aПоследнее разъяснение Министерства финансов об оплате гербовым сбором фактур-накладных и общих (коллективных) счетов
_fИзд. [и предисл.] К. Тихотского (пом. бухг. Гербов. отд. Моск. казен. палаты)
205 _aНеофиц. изд.
210 _aМосква
_cтип. Вильде
_d1907
215 _a16 с.
_d19
311 _aИз журн. "Вестн. финансов, пром-сти и торг." от 13 (26) мая 1907 г., № 19
488 0 _12001#$aВестник финансов, промышленности и торговли$v1907, 13 (26) мая, № 19
_tВестник финансов, промышленности и торговли
702 1 _aТихотский
_bК.И.
_gКонстантин Иванович
_4650
_4080
710 0 1 _aРоссия
_bМинистерство финансов
_3RU\NLR\AUTH\889947360
_9390360
801 0 _aRU
_bNLR
_gpsbo
801 0 _aRU
_bRuMoRGB
_2psbo
801 1 _aRU
_bProSoft-M
_2rusmarc
852 _aNLR
_j34.84.7.1760
899 _aRuMoRGB
_jU 6/2240
899 _aБАН
942 _cBOOK
980 _aNB